[Event "Harrogate 4NCL op-B 31st"]
[Site "Harrogate"]
[Date "2024.01.20"]
[Round "3"]
[White "Echavarria Hidalgo, Fernando"]
[Black "Holi, Sief Al Din"]
[Result "1-0"]
[WhiteElo "1791"]
[BlackElo "1706"]
[PlyCount "91"]
[EventDate "2024.01.19"]
[EventType "swiss"]
[EventRounds "5"]
[EventCountry "ENG"]
[SourceTitle "CB06_2024"]
[SourceDate "2024.02.07"]
[SourceVersion "1"]
[SourceVersionDate "2024.02.07"]
[SourceQuality "1"]

1. e4 d6 2. d4 Nf6 3. Nc3 c6 4. Nf3 g6 5. Be2 Bg7 6. 0-0 0-0 7. Bf4 Nh5 8. Be3 Nd7 9. Qd2 f5 10. exf5 gxf5 11. Bh6 Rf6 12. Bxg7 Nxg7 13. Bc4+ Kh8 14. d5 Ne5 15. Nxe5 dxe5 16. Qe2 b5 17. Bb3 b4 18. Nd1 Qc7 19. dxc6 Rxc6 20. c3 a5 21. Re1 Rc5 22. Ne3 e6 23. cxb4 axb4 24. Qd2 f4 25. Ng4 Bb7 26. Rac1 Raa5 27. Rxc5 Rxc5 28. Nxe5 Nh5 29. Qxb4 Kg7 30. Nd3 Rg5 31. Rxe6 Bxg2 32. Re7+ Kf6 33. Re6+ Kf5 34. Qf8+ Kg4 35. Kxg2 Qb7+ 36. Kf1 Qh1+ 37. Ke2 Qxh2 38. Kd2 Rf5 39. Bd1+ f3 40. Re4+ Nf4 41. Bxf3+ Kg5 42. Qd8+ Kg6 43. Qd6+ Rf6 44. Nxf4+ Kg5 45. Ne6+ Rxe6 46. Qxh2 1-0

[Event "Harrogate 4NCL op-B 31st"]
[Site "Harrogate"]
[Date "2024.01.19"]
[Round "1"]
[White "Webb, Nicholas"]
[Black "Holi, Sief Al Din"]
[Result "1/2-1/2"]
[WhiteElo "1837"]
[BlackElo "1706"]
[PlyCount "111"]
[EventDate "2024.01.19"]
[EventType "swiss"]
[EventRounds "5"]
[EventCountry "ENG"]
[SourceTitle "CB06_2024"]
[SourceDate "2024.02.07"]
[SourceVersion "1"]
[SourceVersionDate "2024.02.07"]
[SourceQuality "1"]

1. Nf3 Nf6 2. c4 d6 3. Nc3 c6 4. g3 g6 5. Bg2 Bg7 6. 0-0 0-0 7. d3 e5 8. Qc2 Re8 9. e4 Na6 10. a3 Be6 11. b4 Qc8 12. Ng5 Bd7 13. f4 h6 14. Nf3 Bh3 15. Nh4 Bxg2 16. Qxg2 exf4 17. gxf4 Nxe4 18. Nxe4 Rxe4 19. dxe4 Bxa1 20. f5 Bd4+ 21. Kh1 g5 22. f6 Kh7 23. Nf5 Bxf6 24. Nxh6 Qe6 25. Nxf7 Rg8 26. Nxg5+ Bxg5 27. Bxg5 Rg6 28. h4 Nc7 29. Qf3 Ne8 30. Qf7+ Ng7 31. Qxe6 Rxe6 32. Kg2 Nh5 33. Kf3 Re5 34. Rg1 d5 35. cxd5 cxd5 36. exd5 Rxd5 37. Re1 Rd7 38. Re3 Ng7 39. Ke4 Ne6 40. Rf3 Kg8 41. Ke5 Ng7 42. Bf6 Nh5 43. Rf5 Nxf6 44. Rxf6 Rh7 45. Rf4 a5 46. bxa5 Rh5+ 47. Kf6 Rxa5 48. a4 b5 49. axb5 Rxb5 50. Rg4+ Kh7 51. Rg5 Rb6+ 52. Kf7 Rb7+ 53. Ke6 Kh6 54. Rd5 Rb4 55. h5 Rh4 56. Kf6 1/2-1/2

[Event "Harrogate 4NCL op-B 29th"]
[Site "Harrogate"]
[Date "2023.01.22"]
[Round "4"]
[White "Holi, Sief Al Din"]
[Black "Livesey, R Nigel"]
[Result "0-1"]
[WhiteElo "1709"]
[BlackElo "1818"]
[PlyCount "76"]
[EventDate "2023.01.20"]
[EventType "swiss"]
[EventRounds "5"]
[EventCountry "ENG"]
[SourceTitle "CBM 212 Extra"]
[Source "ChessBase"]
[SourceDate "2023.03.31"]
[SourceVersion "1"]
[SourceVersionDate "2023.03.31"]
[SourceQuality "1"]

1. d4 Nf6 2. Nc3 c5 3. Nf3 cxd4 4. Nxd4 g6 5. e4 d6 6. Bc4 Bg7 7. Be3 0-0 8. Qd2 Ng4 9. Bf4 e5 10. Bg5 Qc7 11. Bxf7+ Qxf7 12. Ndb5 Nc6 13. f3 Nf6 14. Nxd6 Qe6 15. 0-0-0 Nd4 16. Ndb5 Nxb5 17. Nxb5 Qxa2 18. Qc3 Qa1+ 19. Kd2 Qa4 20. Nc7 Rb8 21. Qxe5 Nxe4+ 22. Qxe4 Qa5+ 23. Ke2 Qxc7 24. Kf2 Bf5 25. Qd5+ Kh8 26. c3 Rfe8 27. Rhe1 Qb6+ 28. Kg3 h6 29. Bf4 Rbc8 30. h4 Qxb2 31. Be5 Bxe5+ 32. Rxe5 Qxc3 33. Rxe8+ Rxe8 34. Qf7 Qe5+ 35. Kf2 Qe7 36. Qd5 Qxh4+ 37. Kg1 Re1+ 38. Rxe1 Qxe1+ 0-1

[Event "Harrogate 4NCL op-B 29th"]
[Site "Harrogate"]
[Date "2023.01.21"]
[Round "3"]
[White "Billenness, Greg"]
[Black "Holi, Sief Al Din"]
[Result "1-0"]
[WhiteElo "1818"]
[BlackElo "1709"]
[PlyCount "89"]
[EventDate "2023.01.20"]
[EventType "swiss"]
[EventRounds "5"]
[EventCountry "ENG"]
[SourceTitle "CBM 212 Extra"]
[Source "ChessBase"]
[SourceDate "2023.03.31"]
[SourceVersion "1"]
[SourceVersionDate "2023.03.31"]
[SourceQuality "1"]

1. d4 d5 2. Nc3 Nf6 3. e4 e6 4. e5 Ne4 5. Nxe4 dxe4 6. Be3 Be7 7. f3 exf3 8. Nxf3 Nd7 9. Bd3 Nb6 10. 0-0 Nd5 11. Bd2 f5 12. c4 Nb6 13. Kh1 0-0 14. a4 c5 15. a5 Nd7 16. d5 exd5 17. cxd5 Qe8 18. d6 Bd8 19. Bc4+ Kh8 20. e6 Nf6 21. d7 Bxd7 22. exd7 Qxd7 23. Ne5 Qe7 24. Re1 Ne4 25. Nd3 Bc7 26. Qh5 Rad8 27. Bf4 Bxf4 28. Nxf4 Qd6 29. Rf1 Rf6 30. Nh3 Rdf8 31. Rad1 Qc7 32. Rd5 Rh6 33. Rdxf5 Nf6 34. Qg5 Rg6 35. Qe3 Rd8 36. Ng5 h6 37. Nf7+ Kh7 38. Nxd8 Qxd8 39. h3 Qc7 40. Bd3 Qc6 41. R1f2 Kh8 42. Rxc5 Nd5 43. Rf8+ Kh7 44. Rxc6 bxc6 45. Qe4 1-0

[Event "Harrogate 4NCL op 24th"]
[Site "Harrogate"]
[Date "2020.01.19"]
[Round "4"]
[White "Sandhu, Manvith"]
[Black "Holi, Sief Al Din"]
[Result "0-1"]
[WhiteElo "1747"]
[BlackElo "1728"]
[PlyCount "132"]
[EventDate "2020.01.17"]
[EventType "swiss"]
[EventRounds "5"]
[EventCountry "ENG"]
[SourceTitle "CBM 195 Extra"]
[Source "ChessBase"]
[SourceDate "2020.05.31"]
[SourceVersion "1"]
[SourceVersionDate "2020.05.31"]
[SourceQuality "1"]

1. e4 c5 2. Nf3 Nc6 3. Bb5 g6 4. c3 Bg7 5. d4 cxd4 6. cxd4 Nf6 7. Nc3 a6 8. Be2 d5 9. e5 Ne4 10. Qb3 Nxc3 11. Qxc3 Bg4 12. h3 Bxf3 13. Bxf3 0-0 14. Be3 Rc8 15. Qb3 e6 16. 0-0 Qh4 17. Qd1 Na5 18. b3 f5 19. Qd2 Nc6 20. Bf4 h6 21. Kh2 Kh7 22. a3 Qe7 23. Qb2 g5 24. Be3 Qc7 25. Rfc1 Qb8 26. Rc2 Nxe5 27. Kh1 Nxf3 28. gxf3 e5 29. Rxc8 Rxc8 30. dxe5 Qxe5 31. Qxe5 Bxe5 32. Rd1 d4 33. Bd2 Rc2 34. Kg2 Rb2 35. Bb4 Rxb3 36. Re1 Bf6 37. Re6 Kg7 38. Rb6 Kg6 39. Kf1 d3 40. Ke1 a5 41. Bxa5 Rxa3 42. Bb4 Rb3 43. Kd2 Kh5 44. Rxf6 Rxb4 45. Kxd3 f4 46. Re6 b5 47. Rb6 Rb2 48. Ke4 Re2+ 49. Kf5 Rxf2 50. h4 Kxh4 51. Rxh6+ Kg3 52. Kxg5 Kxf3 53. Rf6 Ke3 54. Kf5 Kd4 55. Rd6+ Kc4 56. Rc6+ Kb3 57. Ke4 b4 58. Kd3 Kb2 59. Rc4 b3 60. Rc8 Rc2 61. Rb8 f3 62. Rh8 Kb1 63. Rh1+ Kb2 64. Rh8 f2 65. Rf8 Kc1 66. Ke3 b2 0-1

[Event "GBR-ch 105th U2050"]
[Site "Hull"]
[Date "2018.08.01"]
[Round "3"]
[White "McDonnell, James J"]
[Black "Holi, Sief Al Din"]
[Result "1-0"]
[WhiteElo "1869"]
[BlackElo "1757"]
[PlyCount "83"]
[EventDate "2018.07.30"]
[EventType "swiss"]
[EventRounds "5"]
[EventCountry "ENG"]
[SourceTitle "EXT 2019"]
[Source "ChessBase"]
[SourceDate "2018.10.10"]
[SourceVersion "1"]
[SourceVersionDate "2018.10.10"]
[SourceQuality "1"]

1. e4 e6 2. d4 d5 3. Nd2 dxe4 4. Nxe4 Nc6 5. Nf3 Nf6 6. Nxf6+ gxf6 7. Be3 Bd6 8. Qd2 Nb4 9. c4 a5 10. a3 Nc6 11. Be2 Bd7 12. b3 h5 13. 0-0 h4 14. c5 Bf8 15. d5 exd5 16. Qxd5 Qe7 17. Qc4 0-0-0 18. b4 a4 19. b5 Ne5 20. Nxe5 Qxe5 21. c6 Bd6 22. cxd7+ Rxd7 23. g3 hxg3 24. hxg3 Re7 25. Bg4+ f5 26. Bf4 Qf6 27. Bxd6 Qh6 28. Bxf5+ Kb8 29. Qh4 Qxh4 30. Bxc7+ Rxc7 31. gxh4 Rc5 32. Bd3 Rxh4 33. Rfd1 Rd4 34. Kf1 Rcd5 35. Ke2 f5 36. Rh1 Kc7 37. Rac1+ Kd6 38. Rh6+ Ke5 39. Rc3 Rd7 40. Rc5+ R4d5 41. Rxd5+ Rxd5 42. Rh7 1-0

[Event "GBR-ch 105th U2050"]
[Site "Hull"]
[Date "2018.07.31"]
[Round "2"]
[White "Holi, Sief Al Din"]
[Black "Fallowfield, Nicholas"]
[Result "0-1"]
[WhiteElo "1757"]
[BlackElo "1914"]
[PlyCount "102"]
[EventDate "2018.07.30"]
[EventType "swiss"]
[EventRounds "5"]
[EventCountry "ENG"]
[SourceTitle "EXT 2019"]
[Source "ChessBase"]
[SourceDate "2018.10.10"]
[SourceVersion "1"]
[SourceVersionDate "2018.10.10"]
[SourceQuality "1"]

1. e4 Nf6 2. Nc3 d5 3. e5 Ne4 4. d4 Nxc3 5. bxc3 c5 6. Nf3 Nc6 7. Bb5 e6 8. 0-0 Bd7 9. c4 a6 10. cxd5 axb5 11. dxc6 Bxc6 12. Be3 cxd4 13. Nxd4 Bd5 14. Qg4 h5 15. Qg3 Bc4 16. Rfd1 Rxa2 17. Rab1 Qa5 18. Bg5 Bd5 19. Nxb5 Rxc2 20. Qd3 Rc5 21. Bd2 Qa4 22. Bg5 Qg4 23. Qg3 Qxg3 24. hxg3 Be7 25. Be3 Rc8 26. f4 h4 27. gxh4 Rc2 28. Bf2 Bxh4 29. Nd6+ Kf8 30. Rf1 Bg3 31. Rb4 Bh2+ 32. Kh1 Bxf4+ 33. Kg1 Bh2+ 34. Kh1 Bxe5+ 35. Bh4 Bxd6 36. Ra4 Rxh4+ 37. Rxh4 Bxg2+ 38. Kg1 Bxf1 39. Kxf1 b5 40. Rd4 Ke7 41. Ke1 b4 42. Kd1 Rg2 43. Kc1 b3 44. Rd1 Be5 45. Re1 f6 46. Kb1 Rb2+ 47. Kc1 Ra2 48. Re4 b2+ 49. Kc2 Ra1 50. Rb4 Rc1+ 51. Kd3 b1Q+ 0-1

[Event "Doncaster 4NCL op-B 15th"]
[Site "Doncaster"]
[Date "2017.09.08"]
[Round "1"]
[White "Holi, Sief Al Din"]
[Black "Evans, Peter Michael"]
[Result "1-0"]
[WhiteElo "1754"]
[BlackElo "1906"]
[PlyCount "59"]
[EventDate "2017.09.08"]
[EventType "swiss"]
[EventRounds "5"]
[EventCountry "ENG"]
[SourceTitle "CBM 180 Extra"]
[Source "ChessBase"]
[SourceDate "2017.10.06"]
[SourceVersion "1"]
[SourceVersionDate "2017.10.06"]
[SourceQuality "1"]

1. e4 e6 2. d4 d5 3. e5 c5 4. c3 Nc6 5. Nf3 Bd7 6. Be3 Qb6 7. Qd2 f6 8. Be2 Rc8 9. 0-0 cxd4 10. cxd4 fxe5 11. dxe5 Bc5 12. Nc3 Bxe3 13. fxe3 Nge7 14. Bd3 0-0 15. Qf2 h6 16. Na4 Qb4 17. Bc2 Nxe5 18. Nc3 Kh8 19. Rab1 Rf6 20. Qg3 Nxf3+ 21. Rxf3 Rcf8 22. Rxf6 Rxf6 23. Qb8+ Nc8 24. Qc7 Qd6 25. Qxb7 Rf8 26. Re1 Bc6 27. Qa6 Qd7 28. Qd3 Kg8 29. Qh7+ Kf7 30. Bg6+ 1-0

[Event "Wakefield 4NCL op-B 10th"]
[Site "Wakefield"]
[Date "2016.09.09"]
[Round "1.4"]
[White "Holi, Sief Al Din"]
[Black "Hinchcliffe, Gary"]
[Result "0-1"]
[WhiteElo "1741"]
[BlackElo "1918"]
[PlyCount "90"]
[EventDate "2016.09.09"]
[EventType "swiss"]
[EventRounds "5"]
[EventCountry "ENG"]
[SourceTitle "EXT 2023"]
[Source "ChessBase"]
[SourceDate "2022.10.05"]
[SourceVersion "1"]
[SourceVersionDate "2022.10.05"]
[SourceQuality "1"]

1. e4 e6 2. d4 d5 3. e5 c5 4. c3 Nc6 5. Nf3 Qc7 6. Bd3 Bd7 7. Na3 a6 8. 0-0 Nge7 9. Bf4 Ng6 10. Bg3 cxd4 11. cxd4 Qb6 12. Rb1 Rc8 13. h4 Nb4 14. Qb3 Qa5 15. Rfc1 Rxc1+ 16. Rxc1 Nxd3 17. Qxd3 Bxa3 18. bxa3 Bc6 19. Rc5 Qb6 20. a4 Ne7 21. Bf4 Bxa4 22. Bg5 Bc6 23. Qa3 Qc7 24. h5 h6 25. Bf4 Nc8 26. g4 Nb6 27. Rc3 Nc4 28. Qc1 Qb6 29. Rb3 Qa5 30. a3 Qa4 31. Rb4 Qa5 32. Nd2 Nxa3 33. Qb2 Nc4 34. Rxc4 dxc4 35. Nxc4 Qe1+ 36. Kh2 Qh1+ 37. Kg3 Qf3+ 38. Kh4 Qxf4 39. Nd6+ Kd7 40. f3 Bxf3 41. Kh3 Bxg4+ 42. Kg2 Qf3+ 43. Kh2 Qh3+ 44. Kg1 Qg3+ 45. Kf1 Bh3+ 0-1

[Event "West Bromwich 4NCL op-B 9th"]
[Site "West Bromwich"]
[Date "2016.07.09"]
[Round "2.19"]
[White "Holi, Sief Al Din"]
[Black "Shenbagakumar, Gautham"]
[Result "1-0"]
[WhiteElo "1752"]
[BlackElo "1011"]
[PlyCount "35"]
[EventDate "2016.07.08"]
[EventType "swiss"]
[EventRounds "5"]
[EventCountry "ENG"]
[SourceTitle "EXT 2023"]
[Source "ChessBase"]
[SourceDate "2022.10.05"]
[SourceVersion "1"]
[SourceVersionDate "2022.10.05"]
[SourceQuality "1"]

1. d4 Nf6 2. c4 e6 3. a3 h6 4. Nc3 b6 5. e4 Bb7 6. e5 Ne4 7. Qc2 Nxc3 8. Qxc3 c5 9. Nf3 Bxf3 10. Qxf3 Nc6 11. d5 Nxe5 12. Qc3 Ng6 13. Bd3 Ne7 14. Be4 Rc8 15. 0-0 f5 16. Bf3 exd5 17. cxd5 Qc7 18. Re1 1-0

[Event "West Bromwich 4NCL op-B 9th"]
[Site "West Bromwich"]
[Date "2016.07.08"]
[Round "1.4"]
[White "Smith, Richard W"]
[Black "Holi, Sief Al Din"]
[Result "1-0"]
[WhiteElo "1900"]
[BlackElo "1752"]
[PlyCount "91"]
[EventDate "2016.07.08"]
[EventType "swiss"]
[EventRounds "5"]
[EventCountry "ENG"]
[SourceTitle "EXT 2023"]
[Source "ChessBase"]
[SourceDate "2022.10.05"]
[SourceVersion "1"]
[SourceVersionDate "2022.10.05"]
[SourceQuality "1"]

1. d4 a6 2. e4 g6 3. c4 Bg7 4. Nc3 e6 5. Nf3 Ne7 6. Bg5 b6 7. Be2 Bb7 8. 0-0 d6 9. Qd2 h6 10. Be3 Nd7 11. h3 Nf6 12. Bd3 Qd7 13. Rfd1 g5 14. e5 Nh5 15. Be2 dxe5 16. Nxe5 Bxe5 17. dxe5 Qxd2 18. Rxd2 Nf4 19. Bxf4 gxf4 20. Rd4 Ng6 21. Bh5 c5 22. Rd6 0-0 23. Bxg6 fxg6 24. Rxe6 Kg7 25. Rxb6 Rf7 26. e6 Re7 27. Nd5 Bxd5 28. cxd5 Kf6 29. Rc1 Rd8 30. Rxc5 Ra7 31. b4 g5 32. Kf1 Ke5 33. e7 Re8 34. d6+ Ke6 35. Rcc6 a5 36. b5 Rd7 37. Ra6 h5 38. b6 Kd5 39. Rc7 Rxd6 40. Rxa5+ Ke4 41. f3+ Ke3 42. Ra3+ Kd4 43. b7 Rb6 44. Rb3 Ra6 45. b8Q Rxa2 46. Rd7+ 1-0

[Event "Wakefield 4NCL op-B 8th"]
[Site "Wakefield"]
[Date "2016.04.03"]
[Round "5"]
[White "Hartley, Dean M"]
[Black "Holi, Sief Al Din"]
[Result "0-1"]
[WhiteElo "1832"]
[BlackElo "1762"]
[PlyCount "66"]
[EventDate "2016.04.01"]
[EventType "swiss"]
[EventRounds "5"]
[EventCountry "ENG"]
[SourceTitle "CBM 171 Extra"]
[Source "ChessBase"]
[SourceDate "2016.04.26"]
[SourceVersion "1"]
[SourceVersionDate "2016.04.26"]
[SourceQuality "1"]

1. d4 Nf6 2. Nf3 d5 3. c4 e6 4. Bg5 Be7 5. Bxf6 Bxf6 6. Nc3 c6 7. e3 0-0 8. cxd5 exd5 9. h3 Re8 10. Bd3 Qb6 11. Qd2 Nd7 12. 0-0 g6 13. Rab1 Bg7 14. b4 Nf6 15. Rfc1 a6 16. a4 Qd8 17. b5 cxb5 18. axb5 a5 19. b6 Re6 20. Na4 Bd7 21. Nc5 Ne4 22. Bxe4 dxe4 23. Nxe6 Bxe6 24. Ne1 Bf8 25. Nc2 Qg5 26. Ne1 Bxh3 27. f4 exf3 28. Nxf3 Qh5 29. Qf2 Bf5 30. Rb5 Qh6 31. Ne5 a4 32. Rc7 a3 33. Rxb7 a2 0-1

[Event "Lugano op"]
[Site "Lugano"]
[Date "2014.11.08"]
[Round "3"]
[White "Piacentino, Vittorio"]
[Black "Holi, Sief Al Din"]
[Result "0-1"]
[WhiteElo "1705"]
[BlackElo "1757"]
[PlyCount "70"]
[EventDate "2014.11.07"]
[EventType "swiss"]
[EventRounds "5"]
[EventCountry "SUI"]
[SourceTitle "EXT 2015"]
[Source "ChessBase"]
[SourceDate "2014.11.20"]
[SourceVersion "1"]
[SourceVersionDate "2014.11.20"]
[SourceQuality "1"]

1. e4 c6 2. d4 d5 3. e5 Bf5 4. Bd3 Qd7 5. Nf3 Bg4 6. 0-0 g6 7. Bf4 Bg7 8. Nbd2 e6 9. h3 Bxf3 10. Nxf3 Ne7 11. Qd2 Qc7 12. Bg5 Nd7 13. Bxe7 Kxe7 14. Rae1 Rhe8 15. Qg5+ Kf8 16. Qf4 Nf6 17. Qh4 Nd7 18. Ng5 h6 19. Nh7+ Kg8 20. Nf6+ Nxf6 21. exf6 Qd8 22. Qg4 Qxf6 23. c3 b6 24. Re3 e5 25. Rfe1 e4 26. f3 h5 27. Qg3 Bh6 28. R3e2 Bf4 29. Qf2 e3 30. Qf1 Qg5 31. g4 hxg4 32. hxg4 Kg7 33. Rh2 Bxh2+ 34. Kxh2 Rh8+ 35. Kg2 Qh4 0-1